[Event "ch-RUS Rapid Women 2017"]
[Site "Sochi RUS"]
[Date "2017.09.30"]
[Round "3.11"]
[White "Faizutdinova, Diana"]
[Black "Styazhkina, Anna"]
[Result "1/2-1/2"]
[BlackTitle "WIM"]
[WhiteElo "2046"]
[BlackElo "2301"]
[WhiteFideId "24143731"]
[BlackFideId "24119300"]
[EventDate "2017.09.30"]

1. c4 e5 2. Nf3 Nc6 3. d4 exd4 4. Nxd4 Bc5 5. Nb3 Bb4+ 6. Bd2 Bxd2+ 7. Qxd2 Qh4
8. e3 Nf6 9. Nc3 O-O 10. O-O-O d6 11. g3 Qh5 12. h3 a5 13. Be2 Qe5 14. Nd5 Ne4
15. Qe1 a4 16. Nd4 Nxd4 17. Rxd4 c5 18. f4 Qe8 19. Rd1 Ra7 20. Bd3 a3 21. b3 Bd7
22. Bxe4 Qxe4 23. Nc3 Qe6 24. Qd2 Bc6 25. Rh2 f5 26. g4 Raa8 27. gxf5 Qxf5 28.
Qxd6 Bf3 29. Nd5 Kh8 30. Rdd2 Bxd5 31. Qxd5 Qf6 32. Qe5 Qxe5 33. fxe5 Rae8 34.
Rhf2 Kg8 35. Rxf8+ Kxf8 36. Rd5 b6 37. Kd2 Re6 38. Kd3 Ke7 39. Ke4 Rh6 40. b4
cxb4 41. Rb5 Rxh3 42. Rxb4 Rh2 43. Rxb6 Rxa2 44. Rb7+ Ke6 45. Rxg7 Rc2 46. Kd3
a2 47. Ra7 Rg2 48. Ke4 Rg4+ 49. Kd3 Rg2 50. Kd4 Rd2+ 51. Ke4 h5 52. Ra6+ Ke7 53.
e6 h4 54. Ke5 h3 55. Ra7+ Ke8 56. e7 Re2 57. Kd6 Rxe3 58. Rxa2 Rxe7 59. Ra8+ Kf7
60. Rh8 Re3 61. c5 Rd3+ 62. Kc7 Kg6 63. c6 Kg5 64. Kc8 Kg4 65. c7 1/2-1/2

[Event "ch-RUS Rapid Women 2017"]
[Site "Sochi RUS"]
[Date "2017.09.30"]
[Round "3.12"]
[White "Stepanyan, Eva"]
[Black "Sukhareva, Evgeniya"]
[Result "0-1"]
[WhiteTitle "WCM"]
[WhiteElo "1927"]
[BlackElo "2207"]
[WhiteFideId "34165980"]
[BlackFideId "4167155"]
[EventDate "2017.09.30"]

1. e4 c5 2. Nf3 e6 3. d4 cxd4 4. Nxd4 a6 5. Bd3 Nf6 6. O-O Qc7 7. Qe2 d6 8. c4
Be7 9. Nc3 Nbd7 10. f4 b6 11. Kh1 Bb7 12. Bd2 g6 13. f5 e5 14. Nc2 Rc8 15. Bh6
Rg8 16. Ne3 g5 17. b4 Bf8 18. Bxf8 Kxf8 19. Ned5 Qd8 20. Qe3 h6 21. Na4 Nxd5 22.
exd5 f6 23. Kg1 Kg7 24. Rac1 Re8 25. Be4 a5 26. bxa5 bxa5 27. Qe2 Qe7 28. h4 Ba6
29. hxg5 hxg5 30. Kf2 Rh8 31. Rh1 Qf7 32. Rxh8 Rxh8 33. Qd2 Rc8 34. Qxa5 Rxc4
35. Rxc4 Bxc4 36. Nb2 Nc5 37. Nxc4 Nxe4+ 38. Ke3 Nc5 39. Nxd6 Qxd5 40. Qd2 Qc6
41. g3 Nd7 42. Ne8+ Kf7 43. Nd6+ Ke7 44. Ne4 Qb6+ 45. Kf3 Qc6 46. Qb4+ Kf7 47.
Qb3+ 0-1

[Event "ch-RUS Rapid Women 2017"]
[Site "Sochi RUS"]
[Date "2017.09.30"]
[Round "3.13"]
[White "Garifullina, Leya"]
[Black "Belenkaya, Dina"]
[Result "1/2-1/2"]
[WhiteTitle "WCM"]
[BlackTitle "WGM"]
[WhiteElo "1970"]
[BlackElo "2346"]
[WhiteFideId "34127035"]
[BlackFideId "24142654"]
[EventDate "2017.09.30"]

1. e4 c6 2. d4 d5 3. e5 c5 4. dxc5 Nc6 5. Nf3 Bg4 6. Bf4 e6 7. Be2 Bxc5 8. O-O
Nge7 9. Nbd2 Ng6 10. Bg3 O-O 11. h3 Bh5 12. c3 Qc7 13. Re1 f6 14. Nb3 Bb6 15.
Nfd4 Bxe2 16. Qxe2 Nxd4 17. Nxd4 Bxd4 18. cxd4 f5 19. f3 f4 20. Bf2 Ne7 21. Qd2
Qd7 22. Rec1 Nc6 23. Rc2 Qf7 24. Rac1 Qg6 25. b3 h6 26. Kh2 a6 27. a3 Qf5 28. b4
Qg6 29. Rc3 Rac8 30. R1c2 Qf5 31. Qc1 Ra8 32. Qd2 Rac8 33. Qc1 Ra8 34. Qd2 Rfc8
35. Qc1 Qf8 36. Rc5 Kh7 37. R2c3 Kg8 1/2-1/2

[Event "ch-RUS Rapid Women 2017"]
[Site "Sochi RUS"]
[Date "2017.09.30"]
[Round "3.14"]
[White "Ilyina, Lada"]
[Black "Semenova, Elena1"]
[Result "0-1"]
[BlackTitle "WIM"]
[WhiteElo "1726"]
[BlackElo "2284"]
[WhiteFideId "34165891"]
[BlackFideId "24125148"]
[EventDate "2017.09.30"]

1. e4 e5 2. Nc3 Nf6 3. g3 d5 4. exd5 Nxd5 5. Bg2 Nxc3 6. bxc3 Bc5 7. Ne2 Nc6 8.
O-O O-O 9. d3 Bf5 10. Be3 Bb6 11. d4 Na5 12. f4 Nc4 13. Bf2 e4 14. h3 e3 15. Be1
Re8 16. g4 Be4 17. Bxe4 Rxe4 18. Qd3 Qd5 19. Ng3 Re7 20. Qe2 Rae8 21. g5 c5 22.
f5 f6 23. gxf6 gxf6 24. Nh5 Kh8 25. Nxf6 Rg7+ 26. Ng4 h5 27. Bh4 Bd8 28. f6 Rg6
29. f7 Rf8 30. Bxd8 Qxd8 31. Qxc4 hxg4 32. Qe2 Qh4 33. Qxe3 gxh3+ 34. Kh1 Kh7
35. Qf4 Qh5 36. Qf3 Qg5 37. Rg1 Qf6 38. Qxf6 Rxf6 39. Rg3 R8xf7 40. Rxh3+ Kg7
41. Rg1+ Kf8 42. d5 Ke7 43. c4 Kd6 44. Re1 Rf2 45. Rh6+ Kd7 46. Rhe6 Rxc2 47. d6
Rh7+ 48. Kg1 Rg7+ 49. Kh1 Rh7+ 50. Kg1 Rg7+ 51. Kh1 Rxc4 52. Re7+ Rxe7 53. Rxe7+
Kxd6 54. Rxb7 Rc1+ 55. Kg2 Rc2+ 56. Kf3 Rxa2 57. Ke3 Kc6 58. Rg7 Kb5 59. Kd3
Ra3+ 60. Kc2 a5 61. Kb2 Rh3 62. Rb7+ Kc4 63. Ra7 Rh2+ 64. Ka3 Rh1 65. Kb2 Rh2+
66. Ka3 Rh3+ 67. Ka2 Kb4 68. Rb7+ Ka4 69. Rc7 Rh2+ 70. Ka1 Kb4 71. Rb7+ Ka3 72.
Kb1 c4 73. Rc7 Kb3 74. Rb7+ Kc3 75. Ra7 Rb2+ 76. Ka1 Rb5 77. Re7 Kc2 78. Re2+
Kd3 79. Rg2 c3 80. Rg3+ Kc2 81. Rg2+ Kb3 82. Kb1 Rh5 83. Rg1 Rh2 84. Ka1 Ra2+ 0-1

[Event "ch-RUS Rapid Women 2017"]
[Site "Sochi RUS"]
[Date "2017.09.30"]
[Round "3.15"]
[White "Bykova, Anastasia"]
[Black "Miroshnik, Ekaterina"]
[Result "1/2-1/2"]
[WhiteTitle "WFM"]
[BlackTitle "WFM"]
[WhiteElo "2234"]
[BlackElo "2006"]
[WhiteFideId "4164970"]
[BlackFideId "34127698"]
[EventDate "2017.09.30"]

1. d4 d5 2. Nf3 e6 3. c4 Nf6 4. g3 dxc4 5. Bg2 c5 6. O-O Nc6 7. Qa4 Bd7 8. Qxc4
b5 9. Qd3 c4 10. Qd1 Rc8 11. b3 cxb3 12. axb3 Be7 13. Bb2 O-O 14. Nbd2 a5 15. e4
Nb4 16. Qe2 Rc2 17. Rfb1 Rc8 18. Rc1 Qb6 19. Nf1 h6 20. Ne5 Rxc1 21. Rxc1 Bc8
22. Ne3 Bb7 23. d5 exd5 24. Nf5 Bd8 25. Ng4 dxe4 26. Nxf6+ Bxf6 27. Bxf6 Qxf6
28. Qxb5 Nd3 29. Rf1 Bc6 30. Qxc6 Qxf5 31. Bxe4 Qc5 32. Qd7 Ne5 33. Qf5 g6 34.
Qf4 Kg7 35. Rd1 Qc3 36. h4 h5 37. Rd5 Ng4 38. Kg2 Qxb3 39. Rxh5 f5 40. Rg5 Qb4
41. Bxf5 Qxf4 42. Rxg6+ Kh8 43. gxf4 Rxf5 44. Rxg4 a4 45. Kf3 a3 46. Rg1 a2 47.
Ra1 Ra5 48. Kg4 Kg7 49. f5 Kf6 50. f4 Ra8 51. h5 Rg8+ 52. Kf3 Ra8 53. h6 Kxf5
54. h7 Ra3+ 55. Kg2 Ra8 56. Kg3 Ra3+ 57. Kh4 Ra8 58. Kh5 Kxf4 59. Kg6 Ra6+ 60.
Kg7 Ra7+ 61. Kg8 Ra8+ 62. Kg7 Ra7+ 1/2-1/2

[Event "ch-RUS Rapid Women 2017"]
[Site "Sochi RUS"]
[Date "2017.09.30"]
[Round "3.16"]
[White "Yakimova, Mariya"]
[Black "Belova, Olga"]
[Result "1/2-1/2"]
[BlackTitle "WFM"]
[WhiteElo "1736"]
[BlackElo "2096"]
[WhiteFideId "34188859"]
[BlackFideId "4138422"]
[EventDate "2017.09.30"]

1. e4 e6 2. d4 d5 3. Nc3 dxe4 4. Nxe4 Bd7 5. Bd3 Bc6 6. Nf3 Nd7 7. Qe2 Ngf6 8.
c3 Be7 9. h4 Bd5 10. Bg5 h6 11. Bxf6 Nxf6 12. Nxf6+ Bxf6 13. Be4 c6 14. g3 Qa5
15. Bxd5 Qxd5 16. a3 O-O-O 17. O-O-O Kb8 18. Ne5 Bxe5 19. Qxe5+ Qxe5 20. dxe5
Rd5 21. Rxd5 cxd5 22. Kd2 Rc8 23. Kd3 Rc4 24. Re1 a5 25. b3 Rg4 26. a4 Kc7 27.
Re3 Kd7 28. f4 g5 29. hxg5 hxg5 30. Rf3 gxf4 31. gxf4 Rg1 32. f5 Rb1 33. fxe6+
Kxe6 34. Kd4 Rxb3 35. Rf6+ Ke7 36. Kxd5 Rxc3 37. Rb6 Rd3+ 38. Ke4 Rd7 39. Rb5
Rc7 40. Rxa5 Ke6 41. Rd5 Rc4+ 42. Rd4 Rc6 43. Rb4 b6 44. Rd4 Ke7 45. Kd5 Rc5+
46. Ke4 Rc1 47. Rb4 Rc6 48. Kd5 Kd7 49. Ke4 Kc7 50. Kd5 Rc5+ 51. Ke4 Kc6 52. Kf5
Rc1 53. Kf6 Rf1+ 54. Ke7 Rf5 55. Rb5 Rf4 56. Rb1 Re4 57. Kf6 Rf4+ 58. Ke7 Re4 1/2-1/2

[Event "ch-RUS Rapid Women 2017"]
[Site "Sochi RUS"]
[Date "2017.09.30"]
[Round "4.1"]
[White "Kashlinskaya, Alina"]
[Black "Gritsayeva, Oksana"]
[Result "1-0"]
[WhiteTitle "IM"]
[BlackTitle "WFM"]
[WhiteElo "2446"]
[BlackElo "2373"]
[WhiteFideId "4198026"]
[BlackFideId "14104652"]
[EventDate "2017.09.30"]

1. d4 Nf6 2. c4 e5 3. dxe5 Ng4 4. Bf4 g5 5. Bg3 Bg7 6. h4 Nxe5 7. hxg5 Nbc6 8.
e3 Qxg5 9. Nc3 Ne7 10. Rh5 Qg6 11. Bxe5 d6 12. Bxg7 Qxg7 13. Qd4 Qxd4 14. exd4
Bf5 15. Kd2 Bg6 16. Rh1 O-O-O 17. Nf3 Nc6 18. Bd3 a6 19. Rh6 Rhf8 20. Bxg6 hxg6
21. Rh7 Rd7 22. Rah1 Ne7 23. Rh8 Rdd8 24. Rxf8 Rxf8 25. Rh7 Kd7 26. Ng5 f6 27.
Nh3 c6 28. Nf4 1-0

[Event "ch-RUS Rapid Women 2017"]
[Site "Sochi RUS"]
[Date "2017.09.30"]
[Round "4.2"]
[White "Drozdova, Dina"]
[Black "Goryachkina, Aleksandra"]
[Result "1/2-1/2"]
[WhiteTitle "WIM"]
[BlackTitle "WGM"]
[WhiteElo "2223"]
[BlackElo "2478"]
[WhiteFideId "4170695"]
[BlackFideId "4147103"]
[EventDate "2017.09.30"]

1. d4 d5 2. c4 e6 3. Nc3 Nf6 4. cxd5 exd5 5. Bg5 c6 6. e3 Be7 7. Bd3 Nbd7 8.
Nge2 Nf8 9. O-O Ne6 10. Bxf6 Bxf6 11. b4 O-O 12. Rb1 a6 13. Na4 g6 14. Nc5 Ng7
15. a4 Qe7 16. Qd2 Bf5 17. Rfc1 Rfc8 18. Ng3 Bxd3 19. Nxd3 Ne8 20. b5 axb5 21.
axb5 Nd6 22. bxc6 bxc6 23. Qb4 Qd8 24. Qb6 Qxb6 25. Rxb6 Nc4 26. Rb7 Ra2 27. Nf1
Bg7 28. g3 Bf8 29. Rcb1 Bd6 30. Rd7 Ra3 31. Nf4 Bxf4 32. gxf4 Rca8 33. Rbb7 Ra1
34. Rxf7 Nd2 35. Rg7+ 1/2-1/2

[Event "ch-RUS Rapid Women 2017"]
[Site "Sochi RUS"]
[Date "2017.09.30"]
[Round "4.3"]
[White "Vasilevich, Tatjana"]
[Black "Voit, Daria"]
[Result "0-1"]
[WhiteTitle "IM"]
[BlackTitle "FM"]
[WhiteElo "2360"]
[BlackElo "2387"]
[WhiteFideId "14101610"]
[BlackFideId "4182146"]
[EventDate "2017.09.30"]

1. d4 Nf6 2. c4 e6 3. Nc3 Bb4 4. Qc2 d5 5. Bg5 h6 6. Bxf6 Qxf6 7. e3 O-O 8. a3
Bxc3+ 9. bxc3 c5 10. Nf3 b6 11. e4 cxd4 12. cxd4 Qg6 13. Bd3 Qxg2 14. Ke2 dxc4
15. Bxc4 Nc6 16. Rad1 Bb7 17. Rhg1 Qh3 18. d5 exd5 19. Bxd5 Ba6+ 20. Ke3 Ne5 21.
Rg3 Ng4+ 22. Kd2 Qh5 23. Qb2 Rad8 24. Ke1 Kh8 25. h3 Nf6 26. Ne5 Nxd5 27. Rxd5
Rxd5 28. exd5 Re8 29. Re3 f6 30. Nc4 Bxc4 31. d6 Rxe3+ 32. fxe3 Qxh3 33. Qf2
Qh1+ 34. Kd2 Qd5+ 35. Kc1 Qxd6 36. Kb2 Qe5+ 37. Kb1 Qc3 38. Qf4 Bd3+ 39. Ka2
Qc2+ 40. Ka1 Qb1# 0-1

[Event "ch-RUS Rapid Women 2017"]
[Site "Sochi RUS"]
[Date "2017.09.30"]
[Round "4.4"]
[White "Bodnaruk, Anastasia"]
[Black "Tomilova, Elena"]
[Result "1-0"]
[WhiteTitle "IM"]
[BlackTitle "WIM"]
[WhiteElo "2432"]
[BlackElo "2307"]
[WhiteFideId "4181751"]
[BlackFideId "4162340"]
[EventDate "2017.09.30"]

1. e4 e6 2. d4 d5 3. Nc3 Nf6 4. e5 Nfd7 5. f4 c5 6. Nf3 Nc6 7. Be3 cxd4 8. Nxd4
Bc5 9. Qd2 O-O 10. O-O-O Bxd4 11. Bxd4 a6 12. h4 b5 13. h5 b4 14. Na4 Nxd4 15.
Qxd4 Qa5 16. b3 Bb7 17. f5 Bc6 18. f6 gxf6 19. exf6 Kh8 20. Bd3 Rg8 21. Qf4 Bb5
22. g4 Rac8 23. Bxh7 Kxh7 24. g5 Rh8 25. g6+ Kg8 26. Qg5 e5 27. gxf7+ Kxf7 28.
Qg7+ Ke6 29. Qe7+ Kf5 30. Rdf1+ Bxf1 31. Qxd7+ Ke4 32. Qg4+ Ke3 33. Rxf1 Rxc2+
34. Kxc2 Qc7+ 35. Kb2 e4 36. Qg1+ Kd3 37. Nc5+ 1-0

[Event "ch-RUS Rapid Women 2017"]
[Site "Sochi RUS"]
[Date "2017.09.30"]
[Round "4.5"]
[White "Ubiennykh, Ekaterina"]
[Black "Girya, Olga"]
[Result "1-0"]
[WhiteTitle "WIM"]
[BlackTitle "WGM"]
[WhiteElo "2308"]
[BlackElo "2505"]
[WhiteFideId "4137582"]
[BlackFideId "4195752"]
[EventDate "2017.09.30"]

1. d4 d5 2. c4 e6 3. Nc3 a6 4. cxd5 exd5 5. g3 Nf6 6. Bg5 c6 7. Rc1 Nbd7 8. Nf3
Be7 9. Bg2 O-O 10. O-O Re8 11. Bf4 Nb6 12. Nd2 Nh5 13. Be3 Bd6 14. Na4 Nxa4 15.
Qxa4 Bg4 16. Rfe1 f5 17. Nf3 f4 18. Bd2 Qf6 19. Qb3 Re7 20. e4 fxe3 21. Rxe3
Rxe3 22. Qxe3 Rf8 23. Ne5 Bc8 24. f4 Qe7 25. Re1 Nf6 26. Qd3 Qc7 27. b4 Qb6 28.
h3 Qb5 29. Qb3 Qb6 30. Qe3 Bxb4 31. Kh2 Bxd2 32. Qxd2 Qc7 33. Re3 Bf5 34. Qb4
Be4 35. Bf1 Re8 36. Rb3 Re7 37. Qc5 Ne8 38. Rb6 Qd6 39. Qc3 h5 40. Qb3 Qc7 41.
Be2 h4 42. gxh4 Nd6 43. a4 Nf5 44. Qb4 Nxh4 45. Bg4 Nf5 46. Qc5 Nd6 47. Nxc6
bxc6 48. Rxc6 Qb8 49. Qxd6 Qb2+ 50. Kg3 Qb3+ 51. Kh4 Qb7 52. Qd8+ Kh7 53. Rc8
g5+ 54. fxg5 1-0

[Event "ch-RUS Rapid Women 2017"]
[Site "Sochi RUS"]
[Date "2017.09.30"]
[Round "4.6"]
[White "Bivol, Alina"]
[Black "Nechaeva, Marina"]
[Result "1/2-1/2"]
[WhiteTitle "WGM"]
[BlackTitle "IM"]
[WhiteElo "2375"]
[BlackElo "2431"]
[WhiteFideId "4100123"]
[BlackFideId "4149351"]
[EventDate "2017.09.30"]

1. Nf3 d5 2. g3 Bg4 3. Bg2 Nd7 4. d3 c6 5. h3 Bxf3 6. Bxf3 Ngf6 7. Bg2 e5 8. O-O
Bc5 9. c4 O-O 10. cxd5 Nxd5 11. Nc3 N7f6 12. Nxd5 Nxd5 13. Qb3 Qd7 14. Bd2 a5
15. Rac1 a4 16. Qc4 Bd4 17. Qc2 h6 18. e3 Bb6 19. Qc4 Rfd8 20. Rfd1 1/2-1/2

[Event "ch-RUS Rapid Women 2017"]
[Site "Sochi RUS"]
[Date "2017.09.30"]
[Round "4.7"]
[White "Shaydullina, Sandugach"]
[Black "Pogonina, Natalija"]
[Result "1/2-1/2"]
[WhiteTitle "WGM"]
[BlackTitle "WGM"]
[WhiteElo "2185"]
[BlackElo "2466"]
[WhiteFideId "4140389"]
[BlackFideId "4147855"]
[EventDate "2017.09.30"]

1. d4 Nf6 2. c4 e6 3. Nf3 d5 4. g3 Bb4+ 5. Bd2 Be7 6. Bg2 O-O 7. O-O Nbd7 8. Qc2
c6 9. Bf4 a5 10. Nbd2 Nh5 11. Be3 f5 12. Nb3 h6 13. Nc1 Bd6 14. Nd3 Qe7 15. Nfe5
Qe8 16. a3 a4 17. c5 Bc7 18. f4 Nhf6 19. Bf3 Ne4 20. Nf2 Nxe5 21. dxe5 Bd7 22.
Rad1 Qe7 23. Nxe4 fxe4 24. Bh5 Be8 25. Bg4 Bg6 26. Kh1 Bf5 27. Bxf5 exf5 28. Bg1
Ra5 29. Bd4 Qe6 30. e3 Bd8 31. Qc3 Rb5 32. Qc2 Rb3 33. Rc1 Be7 34. Qe2 Rc8 35.
Rg1 b6 36. g4 bxc5 37. gxf5 Qxf5 38. Bxc5 Bxc5 39. Rxc5 Rcb8 40. Rc2 d4 41. Qg2
R8b7 42. exd4 Qxf4 43. Rf2 Rf3 44. Re2 e3 45. Qg6 Rf2 46. Qe8+ Kh7 47. Qg6+ Kg8
48. Qe8+ Kh7 49. Qg6+ Kg8 1/2-1/2

[Event "ch-RUS Rapid Women 2017"]
[Site "Sochi RUS"]
[Date "2017.09.30"]
[Round "4.8"]
[White "Gubernatorova, Lyudmila"]
[Black "Ambartsumova, Karina"]
[Result "0-1"]
[BlackTitle "WGM"]
[WhiteElo "2200"]
[BlackElo "2359"]
[WhiteFideId "4123840"]
[BlackFideId "4166299"]
[EventDate "2017.09.30"]

1. d4 Nf6 2. c4 d6 3. Nc3 e5 4. Nf3 e4 5. Nd2 Bf5 6. e3 c6 7. f3 Qe7 8. Ndxe4
Nxe4 9. fxe4 Bxe4 10. Nxe4 Qxe4 11. Qf3 Qe7 12. Bd3 g6 13. O-O Bg7 14. Bd2 O-O
15. Rae1 Nd7 16. Bc3 Rae8 17. b4 a6 18. a4 f5 19. a5 Nf6 20. d5 Ne4 21. Bxg7
Qxg7 22. dxc6 bxc6 23. Qd1 Qc7 24. Qa1 Re5 25. Re2 Rfe8 26. Rfe1 Qa7 27. Qd4 c5
28. bxc5 Qxc5 29. Bxe4 Rxe4 30. Qxc5 dxc5 31. Rb1 f4 0-1

[Event "ch-RUS Rapid Women 2017"]
[Site "Sochi RUS"]
[Date "2017.09.30"]
[Round "4.9"]
[White "Kabanova, Ekaterina"]
[Black "Charochkina, Daria"]
[Result "1-0"]
[WhiteTitle "WFM"]
[BlackTitle "IM"]
[WhiteElo "2205"]
[BlackElo "2339"]
[WhiteFideId "24112917"]
[BlackFideId "4180917"]
[EventDate "2017.09.30"]

1. c4 e5 2. e3 Nf6 3. Qc2 Be7 4. a3 d5 5. cxd5 Nxd5 6. Nf3 Bf6 7. Be2 O-O 8. O-O
Re8 9. d3 Nc6 10. Nbd2 g6 11. Rb1 a5 12. b3 Bg7 13. Bb2 Bd7 14. Rbc1 b6 15. Rfe1
Qe7 16. Qb1 b5 17. Rc2 b4 18. a4 Nc3 19. Bxc3 bxc3 20. Ne4 Nb4 21. Rxc3 f5 22.
Nc5 e4 23. Nd4 Nd5 24. Rcc1 Bxd4 25. exd4 e3 26. Bf3 exf2+ 27. Kxf2 Qh4+ 28. Kf1
Bc6 29. Ne6 Bb7 30. Re5 Qxh2 31. Qc2 Qxe5 32. dxe5 Ne3+ 33. Kf2 Nxc2 34. Bxb7
Rab8 35. Bd5 c6 36. Bxc6 Rxe6 37. Bd5 Nd4 38. Ke3 Rb4 39. Rc4 Kf8 40. Kxd4 Reb6
41. Rxb4 Rxb4+ 42. Kc5 Ke7 43. d4 g5 44. Bg8 f4 45. d5 g4 46. d6+ Ke8 47. Bd5 f3
48. gxf3 g3 49. f4 Rxf4 50. Bc6+ Kf7 51. Bd5+ Ke8 52. Kc6 Rd4 53. Bf3 Rd3 54.
Bh5+ Kf8 55. e6 g2 56. e7+ Kg7 57. e8=Q g1=Q 58. Qf7+ Kh8 59. Qf8+ Qg8 60. Qxg8+
Kxg8 61. Kc7 Kf8 62. Bg4 Rxb3 63. Kc6 Ke8 64. Kd5 Rb4 65. Be2 Kd8 66. Bd1 Rb1
67. Bc2 Rh1 68. Be4 Rd1+ 69. Ke6 Re1 70. Kd5 Rxe4 71. Kxe4 Kd7 72. Ke5 h5 73.
Kf5 Kxd6 74. Kg5 Kc5 75. Kxh5 Kb4 76. Kg4 Kxa4 77. Kf3 Kb3 78. Ke2 Kb2 79. Kd3
a4 1-0

[Event "ch-RUS Rapid Women 2017"]
[Site "Sochi RUS"]
[Date "2017.09.30"]
[Round "4.10"]
[White "Sukhareva, Evgeniya"]
[Black "Kharmunova, Nadezhda"]
[Result "0-1"]
[BlackTitle "WIM"]
[WhiteElo "2207"]
[BlackElo "2199"]
[WhiteFideId "4167155"]
[BlackFideId "4195876"]
[EventDate "2017.09.30"]

1. d4 Nf6 2. c4 e6 3. Nc3 Bb4 4. Qc2 O-O 5. e4 d5 6. e5 Ne4 7. Bd3 Nc6 8. Nf3 f5
9. Be3 Na5 10. cxd5 Qxd5 11. O-O Bxc3 12. bxc3 Nc4 13. Bxe4 fxe4 14. Ng5 b6 15.
Qxe4 Qxe4 16. Nxe4 Bb7 17. Nd2 Nxd2 18. Bxd2 Ba6 19. Rfe1 Bc4 20. a3 b5 21. a4
c6 22. Bc1 a5 23. Ba3 Rfb8 24. Bd6 Rb7 25. Reb1 Bd3 26. Rb2 Bc4 27. f3 Rf7 28.
Kf2 g5 29. Ke3 Kg7 30. g3 Kg6 31. h3 h5 32. Bc5 Bd5 33. f4 h4 34. gxh4 Rxf4 35.
Rf2 Rxh4 36. axb5 Rxh3+ 37. Kd2 cxb5 38. Rg1 b4 39. Rf6+ Kh5 40. Bf8 bxc3+ 41.
Kc1 Rxf8 42. Rxf8 Re3 43. Rh8+ Kg6 44. Rf8 a4 45. Rg8+ Kf5 46. R8xg5+ Ke4 47.
R5g4+ Kd3 48. R1g3 a3 49. Rxe3+ Kxe3 50. Kc2 a2 51. Rg1 Kxd4 52. Ra1 Be4+ 53.
Kb3 Bb1 54. Ka3 Kd3 55. Kb3 c2 0-1

[Event "ch-RUS Rapid Women 2017"]
[Site "Sochi RUS"]
[Date "2017.09.30"]
[Round "4.11"]
[White "Semenova, Elena1"]
[Black "Goltseva, Ekaterina"]
[Result "0-1"]
[WhiteTitle "WIM"]
[BlackTitle "WFM"]
[WhiteElo "2284"]
[BlackElo "2214"]
[WhiteFideId "24125148"]
[BlackFideId "24173770"]
[EventDate "2017.09.30"]

1. e4 e5 2. Nf3 Nc6 3. Bb5 a6 4. Ba4 Nf6 5. d3 d6 6. c3 g6 7. O-O Bg7 8. d4 b5
9. Bb3 O-O 10. dxe5 Nxe5 11. Nbd2 Bg4 12. h3 Bd7 13. Bc2 c5 14. Nb3 Qc7 15. Be3
Nc4 16. Bf4 Rad8 17. Qc1 Be6 18. Nbd2 Qc6 19. Nxc4 Bxc4 20. Re1 Rfe8 21. b3 Be6
22. Qe3 Bf5 23. Bg5 Bxe4 24. Bxf6 Bxc2 25. Bxd8 Rxe3 26. Rxe3 Qd7 27. Rae1 h6
28. Bh4 Qf5 29. Bg3 Qd5 30. R1e2 Bd3 31. Rd2 c4 32. bxc4 bxc4 33. Ne1 Bxc3 34.
Rd1 Bxe1 35. Rdxe1 c3 36. Re8+ Kg7 37. Rd8 c2 38. Rxd6 Qa5 39. Rc1 Qa3 40. Bf4
g5 41. Rxd3 Qxd3 42. Be3 f5 43. Re1 Qc4 44. a3 Qc3 45. Kf1 Qxa3 46. Bc1 Qd3+ 47.
Kg1 Qd1 48. Kf1 f4 49. f3 a5 50. Kf2 Kf7 51. Ba3 Qd2+ 52. Kf1 Qd3+ 0-1

[Event "ch-RUS Rapid Women 2017"]
[Site "Sochi RUS"]
[Date "2017.09.30"]
[Round "4.12"]
[White "Kovanova, Baira"]
[Black "Pischal, Yulia"]
[Result "1-0"]
[WhiteTitle "WGM"]
[BlackTitle "WFM"]
[WhiteElo "2368"]
[BlackElo "1963"]
[WhiteFideId "4164083"]
[BlackFideId "14102390"]
[EventDate "2017.09.30"]

1. d4 f5 2. c4 Nf6 3. Nc3 g6 4. g3 Bg7 5. Bg2 O-O 6. Nf3 d6 7. O-O Nc6 8. b3 e5
9. dxe5 dxe5 10. Ba3 Qxd1 11. Raxd1 Rf7 12. Ng5 Rd7 13. Nb5 Nd4 14. Nxd4 exd4
15. Bc5 Ne4 16. Nxe4 fxe4 17. Bxe4 c6 18. Rd2 1-0

[Event "ch-RUS Rapid Women 2017"]
[Site "Sochi RUS"]
[Date "2017.09.30"]
[Round "4.13"]
[White "Komiagina, Maria"]
[Black "Nebolsina, Vera"]
[Result "1-0"]
[WhiteTitle "WIM"]
[BlackTitle "WGM"]
[WhiteElo "2234"]
[BlackElo "2220"]
[WhiteFideId "4153987"]
[BlackFideId "4163591"]
[EventDate "2017.09.30"]

1. e4 c5 2. Nf3 d6 3. d4 cxd4 4. Nxd4 Nf6 5. Nc3 a6 6. Bg5 Nbd7 7. Be2 h6 8. Be3
b5 9. f4 Bb7 10. Bf3 e6 11. e5 Bxf3 12. Qxf3 dxe5 13. Nc6 e4 14. Nxe4 Qc7 15. f5
Nxe4 16. Qxe4 Nf6 17. Qf3 Rc8 18. Na7 Rd8 19. fxe6 Bc5 20. Bxc5 Qxc5 21. Qc6+
Qxc6 22. Nxc6 Rd6 23. exf7+ Kf8 24. Nb4 Re6+ 25. Kd1 Kxf7 26. Nd3 Rhe8 27. Re1
Rxe1+ 28. Nxe1 Ng4 29. h3 Ne3+ 30. Kd2 Nc4+ 31. Kc3 Nb6 32. b3 Re2 33. Rd1 Ke6
34. Kd3 Rf2 35. Ke3 Rf8 36. Ke4 Rf2 37. Ke3 Rf5 38. Nf3 Rc5 39. Nd4+ Ke5 40. Kd3
Rd5 41. Re1+ Kd6 42. Re6+ Kc7 43. c3 Rd7 44. g3 Kb7 45. h4 Nd5 46. a3 Rc7 47.
Ne2 Rd7 48. Kc2 Rc7 49. Re5 Nf6 50. Nd4 Ng4 51. Re6 Rf7 52. Re4 Nf6 53. Re2 Nh5
54. g4 Nf4 55. Rf2 g5 56. hxg5 hxg5 57. Ne6 Rf6 58. Nxg5 Rg6 59. Rxf4 Rxg5 60.
Kd3 Kb6 61. b4 a5 62. Ke3 a4 63. Rf6+ Kb7 64. Kf4 Rd5 65. Rf5 1-0

[Event "ch-RUS Rapid Women 2017"]
[Site "Sochi RUS"]
[Date "2017.09.30"]
[Round "4.14"]
[White "Styazhkina, Anna"]
[Black "Tsepennikova, Tatyana"]
[Result "1-0"]
[WhiteTitle "WIM"]
[BlackTitle "WFM"]
[WhiteElo "2301"]
[BlackElo "1982"]
[WhiteFideId "24119300"]
[BlackFideId "4153901"]
[EventDate "2017.09.30"]

1. e4 c6 2. d4 d5 3. e5 Bf5 4. Be2 e6 5. Nf3 h6 6. O-O Nd7 7. b3 Ne7 8. c4 Bg4
9. h3 Bxf3 10. Bxf3 Nf5 11. Bb2 dxc4 12. bxc4 Qb6 13. Bc3 Rd8 14. d5 Bb4 15.
dxe6 fxe6 16. Bh5+ Kf8 17. Bxb4+ Qxb4 18. Bg4 g6 19. Bxf5 gxf5 20. Qe2 Nb6 21.
Rc1 Rd4 22. a3 Qc5 23. Nd2 Qe7 24. Nf3 Re4 25. Qd3 Qd7 26. Qb3 Qc7 27. Qb4+ c5
28. Qa5 Kg7 29. Rab1 Rb8 30. Rb5 Qd8 31. Rxc5 Rc8 32. Rxc8 Qxc8 33. c5 Nd7 34.
Qxa7 Kg6 35. a4 Nxe5 36. Nxe5+ Rxe5 37. Qb6 Kf6 38. a5 Re2 39. Qd6 Qa8 40. a6
bxa6 41. c6 Qa7 42. Qf8+ Kg6 43. Qg8+ Kf6 44. Qg3 Qa8 45. c7 Qc8 46. Qd3 1-0

[Event "ch-RUS Rapid Women 2017"]
[Site "Sochi RUS"]
[Date "2017.09.30"]
[Round "4.15"]
[White "Potapova, Margarita"]
[Black "Maltsevskaya, Aleksandra"]
[Result "0-1"]
[WhiteTitle "WFM"]
[WhiteElo "2187"]
[BlackElo "2271"]
[WhiteFideId "14126869"]
[BlackFideId "24174041"]
[EventDate "2017.09.30"]

1. d4 Nf6 2. Bg5 Ne4 3. Bf4 c5 4. f3 Qa5+ 5. c3 Nf6 6. d5 e6 7. e4 exd5 8. exd5
d6 9. Na3 Be7 10. Ne2 b5 11. Ng3 a6 12. Ne4 Qd8 13. Nxf6+ Bxf6 14. Qe2+ Be7 15.
O-O-O O-O 16. g4 f5 17. Bg3 fxg4 18. fxg4 Bg5+ 19. Kb1 Re8 20. Qc2 Bxg4 21. Bd3
Bxd1 22. Bxh7+ Kh8 23. Rxd1 Qf6 24. Bd3 c4 25. Bg6 Re3 26. h4 Rxg3 27. hxg5 Qf3
28. Rd4 Rg1+ 0-1